[Event "Ottawa March op"]
[Site "Ottawa CAN"]
[Date "2026.02.27"]
[Round "1.1"]
[White "Iassen, Pelev"]
[Black "Sambuev, Bator"]
[Result "1-0"]
[WhiteElo "2136"]
[BlackElo "2544"]
[WhiteFideId "-1"]
[BlackFideId "-1"]
[PlyCount "115"]
[GameId "2283952154399085"]
[EventDate "2026.02.27"]
[EventType "swiss"]
[EventRounds "5"]
[EventCountry "CAN"]
[WhiteClock "0:02:46"]
[BlackClock "0:01:00"]

1. e4 {[%emt 0:00:01]} e5 {[%emt 0:00:06]} 2. Nf3 {[%emt 0:00:05]} Nc6 {[%emt 0:00:06]} 3. Bb5 {[%emt 0:00:06]} a6 {[%emt 0:00:06]} 4. Ba4 {[%emt 0:00:04]} Nf6 {[%emt 0:00:41]} 5. O-O {[%emt 0:00:18]} d6 {[%emt 0:00:04]} 6. Re1 {[%emt 0:07:33]} Bd7 {[%emt 0:00:11]} 7. c3 {[%emt 0:08:24]} g6 {[%emt 0:00:45]} 8. d4 {[%emt 0:01:36]} Bg7 {[%emt 0:00:10]} 9. d5 {[%emt 0:09:17]} Ne7 {[%emt 0:00:23]} 10. Bxd7+ {[%emt 0:00:11]} Nxd7 {[%emt 0:00:07]} 11. a4 {[%emt 0:01:55]} h6 {[%emt 0:01:21]} 12. c4 {[%emt 0:02:59]} a5 {[%emt 0:02:00]} 13. Nc3 {[%emt 0:00:25]} O-O {[%emt 0:01:09]} 14. Nd2 {[%emt 0:01:47]} f5 {[%emt 0:02:43]} 15. f3 {[%emt 0:05:37]} f4 {[%emt 0:06:35]} 16. Rb1 {[%emt 0:04:10]} c6 {[%emt 0:02:16]} 17. Kh1 {[%emt 0:05:24]} Qb6 {[%emt 0:02:38]} 18. Qb3 {[%emt 0:04:05]} Qa7 {[%emt 0:02:02]} 19. Qc2 {[%emt 0:04:10]} Bf6 {[%emt 0:05:41]} 20. Rf1 {[%emt 0:02:51]} Bh4 {[%emt 0:03:59]} 21. b4 {[%emt 0:05:28]} axb4 {[%emt 0:09:01]} 22. Rxb4 {[%emt 0:00:24]} Rfb8 {[%emt 0:01:08]} 23. Rb1 {[%emt 0:02:46]} Nc8 {[%emt 0:02:20]} 24. Ba3 {[%emt 0:02:38]} Bf2 {[%emt 0:03:33]} 25. Nb3 {[%emt 0:01:35]} Be3 {[%emt 0:00:23]} 26. a5 {[%emt 0:02:55]} Nc5 {[%emt 0:02:02]} 27. Bxc5 {[%emt 0:03:52]} Bxc5 {[%emt 0:05:07]} 28. Rfd1 {[%emt 0:02:30]} Bb4 {[%emt 0:07:03]} 29. Ra1 {[%emt 0:01:46]} Ne7 {[%emt 0:04:54]} 30. Na4 {[%emt 0:02:21]} Bxa5 {[%emt 0:09:45]} 31. c5 {[%emt 0:01:15]} cxd5 {[%emt 0:09:29]} 32. Nb6 {[%emt 0:02:22]} Bxb6 {[%emt 0:04:59]} 33. Rxa7 {[%emt 0:00:17]} Bxa7 {[%emt 0:00:06]} 34. cxd6 {[%emt 0:01:26]} Nc8 {[%emt 0:02:21]} 35. Rxd5 {[%emt 0:00:30]} Bd4 {[%emt 0:00:31]} 36. h4 {[%emt 0:03:39]} Nb6 {[%emt 0:00:57]} 37. Ra5 {[%emt 0:00:57]} Rxa5 {[%emt 0:03:51]} 38. Nxa5 {[%emt 0:00:05]} Ra8 {[%emt 0:00:08]} 39. Nb3 {[%emt 0:01:29]} Be3 {[%emt 0:00:32]} 40. Kh2 {[%emt 0:01:19]} Rd8 {[%emt 0:00:36]} 41. Qc7 {[%emt 0:00:39]} Rd7 {[%emt 0:00:31]} 42. Qb8+ {[%emt 0:00:23]} Kf7 {[%emt 0:00:58]} 43. Na5 {[%emt 0:00:16]} h5 {[%emt 0:07:32]} 44. Nxb7 {[%emt 0:00:09]} Bf2 {[%emt 0:00:24]} 45. Nd8+ {[%emt 0:01:29]} Kf6 {[%emt 0:01:05]} 46. Nc6 {[%emt 0:00:31]} Ke6 {[%emt 0:01:42]} 47. Qg8+ {[%emt 0:01:15]} Kxd6 {[%emt 0:00:13]} 48. Qxg6+ {[%emt 0:00:12]} Kc5 {[%emt 0:01:09]} 49. Nxe5 {[%emt 0:00:28]} Rd1 {[%emt 0:00:28]} 50. Qxh5 {[%emt 0:01:01]} Kd4 {[%emt 0:00:18]} 51. Ng6 {[%emt 0:02:55]} Bg3+ {[%emt 0:00:58]} 52. Kh3 {[%emt 0:00:07]} Rc1 {[%emt 0:01:16]} 53. Kg4 {[%emt 0:01:16]} Ke3 {[%emt 0:00:20]} 54. Qb5 {[%emt 0:00:32]} Nc4 {[%emt 0:00:19]} 55. h5 {[%emt 0:00:49]} Kf2 {[%emt 0:00:33]} 56. Nxf4 {[%emt 0:01:02]} Ne3+ {[%emt 0:00:11]} 57. Kg5 {[%emt 0:00:05]} Rc8 {[%emt 0:00:31]} 58. Qe2+ {[%emt 0:00:41]} 1-0

[Event "Ottawa March op"]
[Site "Ottawa CAN"]
[Date "2026.02.27"]
[Round "1.7"]
[White "Qi, Jason"]
[Black "Rousskikh, Maxim"]
[Result "0-1"]
[WhiteElo "2047"]
[BlackElo "2204"]
[WhiteFideId "-1"]
[BlackFideId "-1"]
[PlyCount "58"]
[GameId "2283952154399086"]
[EventDate "2026.02.27"]
[EventType "swiss"]
[EventRounds "5"]
[EventCountry "CAN"]

1. e4 c6 2. d4 d5 3. e5 Bf5 4. g4 Be4 5. f3 Bg6 6. e6 Qd6 7. exf7+ Bxf7 8. f4 Nf6 9. Bh3 Nbd7 10. Nf3 Be6 11. Ng5 h5 12. f5 Bg8 13. O-O hxg4 14. Bf4 Qb4 15. Bxg4 Nxg4 16. Qxg4 Qxd4+ 17. Kg2 Nf6 18. Qe2 Qxb2 19. Nd2 Qxc2 20. Ne6 Rc8 21. Qe5 Ng4 22. Nxg7+ Kd7 23. Qe2 Bxg7 24. Qxg4 Bxa1 25. Rxa1 Bh7 26. Rb1 b6 27. Re1 Rcg8 28. Rxe7+ Kxe7 29. Bg5+ Kd7 0-1

[Event "Ottawa March op"]
[Site "Ottawa CAN"]
[Date "2026.02.27"]
[Round "1.10"]
[White "Vu, Huy Minh"]
[Black "Couture, Jonathan"]
[Result "1-0"]
[WhiteElo "2140"]
[BlackElo "1922"]
[WhiteFideId "-1"]
[BlackFideId "-1"]
[PlyCount "37"]
[GameId "2283952154399087"]
[EventDate "2026.02.27"]
[EventType "swiss"]
[EventRounds "5"]
[EventCountry "CAN"]

1. e4 c5 2. Nf3 d6 3. d4 cxd4 4. Nxd4 Nf6 5. Nc3 a6 6. Be2 e5 7. Nb3 Be6 8. Be3 Be7 9. g4 h6 10. Rg1 Nbd7 11. Bf3 Qc7 12. h4 O-O 13. g5 hxg5 14. hxg5 Ne8 15. Bg4 Nb6 16. Bxb6 Qxb6 17. Nd5 Qb5 18. c4 Bxg4 19. Qxg4 1-0

[Event "Ottawa March op"]
[Site "Ottawa CAN"]
[Date "2026.02.27"]
[Round "1.4"]
[White "Valdizon, Armando"]
[Black "Wang, Edison"]
[Result "0-1"]
[WhiteElo "2231"]
[BlackElo "2079"]
[WhiteFideId "-1"]
[BlackFideId "-1"]
[PlyCount "80"]
[GameId "2283952154399088"]
[EventDate "2026.02.27"]
[EventType "swiss"]
[EventRounds "5"]
[EventCountry "CAN"]

1. d4 e6 2. e4 d5 3. e5 c5 4. c3 Nc6 5. Nf3 Qb6 6. a3 c4 7. Be2 Bd7 8. O-O Na5 9. Nbd2 Ne7 10. a4 Nc8 11. Ng5 Be7 12. f4 Qc7 13. Qe1 Nb6 14. Bd1 h6 15. Nh3 O-O-O 16. Bc2 f5 17. exf6 gxf6 18. f5 e5 19. b4 cxb3 20. Nxb3 Bxa4 21. Rxa4 Nxa4 22. Nxa5 Qxa5 23. dxe5 Nxc3 24. Bd2 Bb4 25. Kh1 fxe5 26. Qxe5 d4 27. Qxa5 Bxa5 28. f6 d3 29. Bb3 Kd7 30. Nf4 Bb4 31. Ng6 Nd5 32. Bxb4 Nxb4 33. f7 Rhf8 34. Rf4 a5 35. Rd4+ Kc6 36. Rxd8 Rxd8 37. f8=Q Rxf8 38. Nxf8 b5 39. Ne6 a4 40. Nd4+ Kc5 0-1

[Event "Ottawa March op"]
[Site "Ottawa CAN"]
[Date "2026.02.27"]
[Round "1.8"]
[White "Berube, Maximilien"]
[Black "Duval, Mathieu"]
[Result "1/2-1/2"]
[WhiteElo "2178"]
[BlackElo "1989"]
[WhiteFideId "-1"]
[BlackFideId "-1"]
[PlyCount "50"]
[GameId "2283952154468721"]
[EventDate "2026.02.27"]
[EventType "swiss"]
[EventRounds "5"]
[EventCountry "CAN"]

1. c4 Nf6 2. Nc3 c5 3. Nf3 d5 4. d4 cxd4 5. Nxd5 Nxd5 6. cxd5 Qxd5 7. Qxd4 Qxd4 8. Nxd4 e5 9. Nb5 Bb4+ 10. Bd2 Bxd2+ 11. Kxd2 Na6 12. g3 Bd7 13. e4 Bc6 14. Ke3 Ke7 15. Nc3 Nc7 16. Rc1 Rhd8 17. Bg2 Rd7 18. Rhd1 Rad8 19. Rxd7+ Rxd7 20. Bf1 Rd4 21. f3 a6 22. b3 g6 23. Na4 f5 24. Bd3 fxe4 25. Bxe4 Nd5+ 1/2-1/2

[Event "Ottawa March op"]
[Site "Ottawa CAN"]
[Date "2026.02.27"]
[Round "1.3"]
[White "Xu, Samuel"]
[Black "Jaferian, Koosha"]
[Result "1/2-1/2"]
[WhiteElo "2102"]
[BlackElo "2415"]
[WhiteFideId "-1"]
[BlackFideId "-1"]
[PlyCount "68"]
[GameId "2283952154468722"]
[EventDate "2026.02.27"]
[EventType "swiss"]
[EventRounds "5"]
[EventCountry "CAN"]

1. e4 c5 2. Nf3 e6 3. d4 cxd4 4. Nxd4 Nc6 5. Nc3 Bc5 6. Be3 Qb6 7. Na4 Qa5+ 8. c3 Bxd4 9. Bxd4 Nxd4 10. Qxd4 e5 11. Qc4 d6 12. Qb5+ Qxb5 13. Bxb5+ Ke7 14. b3 Nf6 15. f3 Be6 16. O-O-O Rac8 17. Kc2 Rc7 18. Bd3 d5 19. exd5 Nxd5 20. Rde1 Nb4+ 21. Kc1 f6 22. Bf1 Rhc8 23. Kb2 Nd5 24. Bc4 Nf4 25. Bxe6 Nxe6 26. c4 Kf7 27. Nc3 a6 28. Nd5 Rc5 29. Nb6 R8c7 30. Nd7 R5c6 31. Nb8 Rb6 32. Nd7 Rd6 33. Nb8 Rc5 34. Nd7 Rcc6 1/2-1/2

[Event "Ottawa March op"]
[Site "Ottawa CAN"]
[Date "2026.02.27"]
[Round "1.6"]
[White "Iordanescu, Victor Nicolae"]
[Black "Hong, Zihan"]
[Result "1-0"]
[WhiteElo "2208"]
[BlackElo "2059"]
[WhiteFideId "-1"]
[BlackFideId "-1"]
[PlyCount "129"]
[GameId "2283952154468723"]
[EventDate "2026.02.27"]
[EventType "swiss"]
[EventRounds "5"]
[EventCountry "CAN"]

1. Nf3 c5 2. e4 d6 3. d4 cxd4 4. Nxd4 Nf6 5. Nc3 g6 6. f3 Nc6 7. Be3 h5 8. Qd2 Nxd4 9. Bxd4 Bh6 10. Be3 Bxe3 11. Qxe3 Be6 12. Bb5+ Kf8 13. O-O Qa5 14. Ba4 Rc8 15. Bb3 Qc5 16. Rfe1 Bxb3 17. axb3 a6 18. Ra4 Kg7 19. Qxc5 Rxc5 20. b4 Rc7 21. e5 dxe5 22. Rxe5 Rd8 23. Rc5 Rcd7 24. Ra1 Rd2 25. Rc1 Nd5 26. Nxd5 R8xd5 27. Rxd5 Rxd5 28. b3 Rd2 29. c4 Rb2 30. Rc3 Kf6 31. h4 g5 32. hxg5+ Kxg5 33. Rd3 Kf6 34. Rd7 b5 35. cxb5 axb5 36. Rb7 Rxb3 37. Rxb5 Ke6 38. Kh2 Kd6 39. Rb7 e6 40. Kh3 f6 41. Rb6+ Kc7 42. Rxe6 Rxb4 43. Rxf6 Rb5 44. Kh4 Kd7 45. Rh6 Rb2 46. Rg6 Ke7 47. Kxh5 Rf2 48. Kh4 Kf7 49. Rg4 Kf6 50. Kg3 Rf1 51. Ra4 Kg5 52. Ra5+ Kg6 53. Kg4 Kf6 54. f4 Rf2 55. Ra6+ Kf7 56. g3 Rg2 57. Kh4 Rg1 58. g4 Rf1 59. Kg5 Rb1 60. Ra7+ Kg8 61. f5 Rb5 62. Kg6 Rb6+ 63. f6 Rb8 64. Kh6 Rb6 65. g5 1-0

[Event "Ottawa March op"]
[Site "Ottawa CAN"]
[Date "2026.02.28"]
[Round "3.1"]
[White "Chiku-Ratte, Oliver-Kenta"]
[Black "Rousskikh, Maxim"]
[Result "1-0"]
[WhiteElo "2471"]
[BlackElo "2204"]
[WhiteFideId "-1"]
[BlackFideId "-1"]
[PlyCount "33"]
[GameId "2283952154468724"]
[EventDate "2026.02.27"]
[EventType "swiss"]
[EventRounds "5"]
[EventCountry "CAN"]

1. d4 {[%emt 0:01:24]} d5 {[%emt 0:00:07]} 2. c4 {[%emt 0:00:12]} c6 {[%emt 0:00:04]} 3. Nc3 {[%emt 0:00:04]} Nf6 {[%emt 0:00:05]} 4. e3 {[%emt 0:00:03]} e6 {[%emt 0:00:23]} 5. Nf3 {[%emt 0:00:20]} a6 {[%emt 0:00:07]} 6. Bd3 {[%emt 0:05:41]} dxc4 {[%emt 0:02:44]} 7. Bxc4 {[%emt 0:00:53]} b5 {[%emt 0:00:26]} 8. Bd3 {[%emt 0:04:27]} c5 {[%emt 0:05:32]} 9. dxc5 {[%emt 1:08:54]} Bxc5 10. O-O Bb7 11. Qe2 O-O 12. e4 Nc6 13. e5 Nd7 14. Bxh7+ {[%emt 0:01:32]} Kh8 {[%emt 0:01:03]} 15. Be4 {[%emt 0:07:45]} b4 {[%emt 0:23:10]} 16. Na4 {[%emt 0:07:06]} Be7 {[%emt 0:01:31]} 17. Nd4 {[%emt 0:01:14]} 1-0

[Event "Ottawa March op"]
[Site "Ottawa CAN"]
[Date "2026.02.28"]
[Round "3.2"]
[White "Iordanescu, Victor Nicolae"]
[Black "Jaferian, Koosha"]
[Result "1/2-1/2"]
[WhiteElo "2208"]
[BlackElo "2415"]
[WhiteFideId "-1"]
[BlackFideId "-1"]
[PlyCount "71"]
[GameId "2283952154497397"]
[EventDate "2026.02.27"]
[EventType "swiss"]
[EventRounds "5"]
[EventCountry "CAN"]

1. Nf3 {[%emt 0:00:04]} d5 {[%emt 0:01:23]} 2. e3 {[%emt 0:00:35]} Nf6 {[%emt 0:01:20]} 3. c4 {[%emt 0:00:13]} c6 {[%emt 0:00:25]} 4. Nc3 {[%emt 0:00:15]} e6 {[%emt 0:01:41]} 5. Qc2 {[%emt 0:00:34]} Bd6 {[%emt 0:02:23]} 6. Be2 {[%emt 0:05:19]} Nbd7 {[%emt 0:03:57]} 7. b3 a6 {[%emt 0:01:24]} 8. d4 {[%emt 0:06:10]} b5 {[%emt 0:03:32]} 9. O-O {[%emt 1:03:20]} Bb7 10. e4 Nxe4 11. Nxe4 dxe4 12. Qxe4 Nf6 13. Qc2 O-O 14. Bg5 h6 15. Bh4 bxc4 16. Qxc4 Qa5 {[%emt 0:16:45]} 17. Bg3 {[%emt 0:00:05]} Be7 {[%emt 0:02:35]} 18. Ne5 {[%emt 0:02:03]} c5 {[%emt 0:03:46]} 19. Ng6 {[%emt 0:06:21]} fxg6 {[%emt 0:10:31]} 20. Qxe6+ {[%emt 0:00:08]} Rf7 {[%emt 0:01:22]} 21. Bc4 {[%emt 0:00:06]} Bd5 {[%emt 0:00:52]} 22. Bxd5 {[%emt 0:00:09]} Nxd5 {[%emt 0:00:06]} 23. Qxd5 {[%emt 0:00:12]} Rd8 {[%emt 0:00:06]} 24. Qe5 {[%emt 0:01:18]} Rxd4 {[%emt 0:09:06]} 25. Qe6 {[%emt 0:01:53]} Bf6 {[%emt 0:02:35]} 26. Qe8+ {[%emt 0:04:37]} Rf8 {[%emt 0:00:38]} 27. Qxg6 {[%emt 0:00:10]} Rd2 {[%emt 0:00:30]} 28. Rae1 {[%emt 0:02:28]} Qxa2 {[%emt 0:05:17]} 29. Bf4 {[%emt 0:01:49]} Re2 {[%emt 0:04:02]} 30. Rxe2 {[%emt 0:05:54]} Qxe2 {[%emt 0:00:01]} 31. Bxh6 {[%emt 0:00:16]} Bd4 {[%emt 0:00:16]} 32. Be3 {[%emt 0:00:39]} Bxe3 {[%emt 0:05:03]} 33. Qe6+ {[%emt 0:00:09]} Rf7 {[%emt 0:00:21]} 34. Qxe3 {[%emt 0:01:09]} Qxe3 {[%emt 0:00:06]} 35. fxe3 {[%emt 0:00:05]} Rb7 {[%emt 0:00:06]} 36. Rc1 {[%emt 0:02:26]} 1/2-1/2

[Event "Ottawa March op"]
[Site "Ottawa CAN"]
[Date "2026.02.28"]
[Round "3.7"]
[White "Valdizon, Armando"]
[Black "Latreille, Etienne"]
[Result "1/2-1/2"]
[WhiteElo "2231"]
[BlackElo "2060"]
[WhiteFideId "-1"]
[BlackFideId "-1"]
[PlyCount "65"]
[GameId "2283952154497398"]
[EventDate "2026.02.27"]
[EventType "swiss"]
[EventRounds "5"]
[EventCountry "CAN"]

1. d4 d5 2. c4 c6 3. Nc3 Nf6 4. Nf3 a6 5. g3 h6 6. Bg2 Bf5 7. O-O e6 8. Qb3 b5 9. cxb5 cxb5 10. Bf4 Bd6 11. Ne5 O-O 12. Rac1 Ra7 13. Rfd1 Qe7 14. a4 b4 15. Na2 g5 16. Be3 Rb7 17. h4 Ng4 18. hxg5 Bxe5 19. dxe5 Nxe3 20. Qxe3 b3 21. Nc3 Qxg5 22. f4 Qg6 23. Bxd5 exd5 24. Nxd5 Bc2 25. Nf6+ Kh8 26. Rd6 Re7 27. Kf2 Re6 28. Qc5 Kg7 29. Rh1 Bf5 30. Nh5+ Kg8 31. Nf6+ Kg7 32. Nh5+ Kg8 33. Nf6+ 1/2-1/2

[Event "Ottawa March op"]
[Site "Ottawa CAN"]
[Date "2026.02.28"]
[Round "2.7"]
[White "Guillemette, Hugo"]
[Black "Xu, Samuel"]
[Result "1-0"]
[WhiteElo "2325"]
[BlackElo "2102"]
[WhiteFideId "-1"]
[BlackFideId "-1"]
[PlyCount "127"]
[GameId "2283952154497399"]
[EventDate "2026.02.27"]
[EventType "swiss"]
[EventRounds "5"]
[EventCountry "CAN"]

1. e4 e5 2. Nf3 Nc6 3. Bb5 a6 4. Ba4 Nf6 5. O-O Be7 6. Re1 b5 7. Bb3 O-O 8. a4 b4 9. d4 d6 10. dxe5 Nxe5 11. Nxe5 dxe5 12. Bg5 Qxd1 13. Rxd1 Bg4 14. Re1 h6 15. Be3 Bd7 16. f3 Rfe8 17. Nd2 Bf8 18. Bc4 Be6 19. Rad1 Nd7 20. b3 Bc5 21. Bxe6 Bxe3+ 22. Rxe3 Rxe6 23. Rd3 Nf8 24. Nc4 f6 25. Rd8 Re8 26. Rxa8 Rxa8 27. Na5 Rb8 28. Kf2 Kf7 29. Ke3 Ne6 30. Rd5 Ke8 31. g3 g5 32. Kd3 Rb6 33. Nc4 Rc6 34. Kd2 h5 35. Rd3 g4 36. fxg4 hxg4 37. Ke3 Nd4 38. Rd2 Kd8 39. Kd3 Nf3 40. Rf2 Ng5 41. Re2 Ne6 42. Ne3 Rc3+ 43. Kd2 c6 44. Nf5 Kd7 45. Re3 Ng5 46. Rxc3 Nxe4+ 47. Kd3 Nxc3 48. Nh6 e4+ 49. Ke3 Ke6 50. Nxg4 Nd5+ 51. Kd2 f5 52. Ne3 Nxe3 53. Kxe3 Kf6 54. Kf4 c5 55. h3 Ke6 56. g4 fxg4 57. hxg4 Kd5 58. g5 Kd4 59. g6 e3 60. g7 e2 61. g8=Q Kc3 62. Qc4+ Kd2 63. Qd3+ Ke1 64. Kf3 1-0

[Event "Ottawa March op"]
[Site "Ottawa CAN"]
[Date "2026.02.28"]
[Round "3.6"]
[White "Sambuev, Bator"]
[Black "Wang, Edison"]
[Result "1-0"]
[WhiteElo "2544"]
[BlackElo "2079"]
[WhiteFideId "-1"]
[BlackFideId "-1"]
[PlyCount "95"]
[GameId "2283952154497400"]
[EventDate "2026.02.27"]
[EventType "swiss"]
[EventRounds "5"]
[EventCountry "CAN"]

1. e4 e6 2. Nf3 d5 3. e5 c5 4. b4 cxb4 5. a3 Nc6 6. d4 Bd7 7. axb4 Bxb4+ 8. c3 Ba5 9. Bd3 Nge7 10. h4 a6 11. h5 h6 12. O-O b5 13. Nfd2 b4 14. Nb3 Bb6 15. Rxa6 bxc3 16. Rxa8 Qxa8 17. Nxc3 Nxd4 18. Be3 Nec6 19. Nxd4 Bxd4 20. Bxd4 Nxd4 21. Qg4 Qa7 22. Qxg7 Rf8 23. Rb1 Qc7 24. Ne2 Nc6 25. f4 Qa7+ 26. Kh2 Qf2 27. Ra1 Nd8 28. Qg4 f5 29. exf6 Rxf6 30. Bg6+ Ke7 31. f5 Nc6 32. Nf4 Nd4 33. Nd3 exf5 34. Qh3 Qd2 35. Ra7 Nb5 36. Ra8 Nc7 37. Rh8 Ne6 38. Qf3 Kd6 39. Bxf5 Qg5 40. g4 Qh4+ 41. Kg1 Bb5 42. Nf2 Qg5 43. Qa3+ Ke5 44. Qb2+ Nd4 45. Nd3+ Bxd3 46. Re8+ Kd6 47. Qb4+ Kc6 48. Rc8# 1-0

[Event "Ottawa March op"]
[Site "Ottawa CAN"]
[Date "2026.02.28"]
[Round "3.4"]
[White "Moses, Neil"]
[Black "Nassar, Marc"]
[Result "0-1"]
[WhiteElo "2309"]
[BlackElo "2142"]
[WhiteFideId "-1"]
[BlackFideId "-1"]
[PlyCount "108"]
[GameId "2283952154497401"]
[EventDate "2026.02.27"]
[EventType "swiss"]
[EventRounds "5"]
[EventCountry "CAN"]

1. e4 c5 2. Nf3 e6 3. d4 cxd4 4. Nxd4 Nf6 5. Nc3 Nc6 6. Ndb5 d6 7. Bf4 e5 8. Bg5 a6 9. Na3 b5 10. Nd5 Be7 11. Bxf6 Bxf6 12. c3 O-O 13. Nc2 Rb8 14. Be2 Bg5 15. O-O Be6 16. g3 Ne7 17. Nxe7+ Qxe7 18. Nb4 Rb6 19. f4 exf4 20. Qd4 Rb7 21. Nxa6 fxg3 22. hxg3 Bf6 23. Qe3 Be5 24. Nb4 Qc7 25. Kg2 g6 26. Bd1 Qc8 27. Rh1 f5 28. exf5 gxf5 29. Nd3 Rg7 30. Nxe5 f4 31. Qe4 dxe5 32. Bf3 Rxg3+ 33. Kf2 Qc5+ 34. Ke1 Qe3+ 35. Qxe3 fxe3 36. Be4 h5 37. a4 bxa4 38. Rxa4 Bg4 39. Bd5+ Kg7 40. Re4 Rf4 41. b4 h4 42. Rxe5 Kf6 43. Re8 h3 44. Rh8 Ke5 45. Bb3 Rf2 46. Re8+ Kf4 47. Rf8+ Ke4 48. Re8+ Kd3 49. Bd5 h2 50. Bc4+ Kxc4 51. Rxe3 Rgg2 52. Re4+ Kd3 53. Rxh2 Kxe4 54. Rxg2 Rxg2 0-1

[Event "Ottawa March op"]
[Site "Ottawa CAN"]
[Date "2026.02.28"]
[Round "3.3"]
[White "Vu, Huy Minh"]
[Black "Guillemette, Hugo"]
[Result "1/2-1/2"]
[WhiteElo "2140"]
[BlackElo "2325"]
[WhiteFideId "-1"]
[BlackFideId "-1"]
[PlyCount "90"]
[GameId "2283952154497402"]
[EventDate "2026.02.27"]
[EventType "swiss"]
[EventRounds "5"]
[EventCountry "CAN"]

1. d4 Nf6 2. Nf3 e6 3. c4 b6 4. Nc3 Bb7 5. Bg5 Be7 6. e3 d5 7. Bxf6 Bxf6 8. cxd5 exd5 9. Qb3 a6 10. Be2 Qd6 11. O-O O-O 12. Rfd1 Nd7 13. a4 g6 14. h3 Bg7 15. Rac1 Kh8 16. Na2 c5 17. dxc5 Nxc5 18. Qb4 a5 19. Qa3 f5 20. Nc3 Qe6 21. Nd4 Qf6 22. Bf3 Ne4 23. Ndb5 Rad8 24. g3 Qe5 25. Ne2 Qxb2 26. Qxb2 Bxb2 27. Rc7 Ba8 28. Ned4 Rfe8 29. Rb1 Bxd4 30. Nxd4 Rd6 31. Bxe4 dxe4 32. Nb5 Rdd8 33. Nd4 Rb8 34. Rd7 Rec8 35. Rd6 Rc5 36. Rdxb6 Rxb6 37. Rxb6 Bd5 38. Kg2 Kg7 39. Ne2 Rc4 40. Rb5 Bc6 41. Rxa5 Rxa4 42. Rc5 Be8 43. g4 fxg4 44. hxg4 h6 45. g5 hxg5 1/2-1/2

[Event "Ottawa March op"]
[Site "Ottawa CAN"]
[Date "2026.02.28"]
[Round "3.8"]
[White "Pelev, Iassen"]
[Black "Filion, Samuel"]
[Result "1/2-1/2"]
[WhiteElo "2136"]
[BlackElo "1903"]
[WhiteFideId "-1"]
[BlackFideId "-1"]
[PlyCount "98"]
[GameId "2283952154497403"]
[EventDate "2026.02.27"]
[EventType "swiss"]
[EventRounds "5"]
[EventCountry "CAN"]

1. e4 e6 2. d4 d5 3. Nd2 dxe4 4. Nxe4 Nd7 5. Nf3 Ngf6 6. Nxf6+ Nxf6 7. Bd3 c5 8. Be3 Qc7 9. Bb5+ Bd7 10. Bxd7+ Nxd7 11. d5 exd5 12. Qxd5 Nf6 13. Qc4 Bd6 14. Bg5 O-O-O 15. O-O-O h6 16. Bxf6 Bf4+ 17. Kb1 gxf6 18. Rd5 Rxd5 19. Qxd5 Be5 20. Re1 Rd8 21. Qc4 Qd6 22. a3 Bd4 23. Rd1 Qc7 24. Nxd4 Rxd4 25. Rxd4 cxd4 26. Qxd4 Qxh2 27. Qc5+ Kd7 28. Qd5+ Ke8 29. Qxb7 Qg1+ 30. Ka2 Qxf2 31. c4 Qd4 32. Qc6+ Ke7 33. a4 h5 34. a5 h4 35. a6 Qd7 36. Qb7 Kd8 37. Qb8+ Ke7 38. Qb4+ Qd6 39. Qb7+ Qd7 40. c5 Kd8 41. Qb8+ Ke7 42. Qb7 Kd8 43. Qa8+ Ke7 44. c6 Qd5+ 45. Ka3 Qa5+ 46. Kb3 Qb5+ 47. Kc3 Qc5+ 48. Kb3 Qb5+ 49. Kc3 Qc5+ 1/2-1/2

[Event "Ottawa March op"]
[Site "Ottawa CAN"]
[Date "2026.03.01"]
[Round "4.3"]
[White "Sambuev, Bator"]
[Black "Vu, Huy Minh"]
[Result "1-0"]
[WhiteElo "2544"]
[BlackElo "2140"]
[WhiteFideId "-1"]
[BlackFideId "-1"]
[PlyCount "65"]
[GameId "2283952154497404"]
[EventDate "2026.02.27"]
[EventType "swiss"]
[EventRounds "5"]
[EventCountry "CAN"]

1. d4 Nf6 2. c4 g6 3. Nc3 Bg7 4. e4 d6 5. Be2 O-O 6. Nf3 e5 7. O-O Nc6 8. d5 Ne7 9. b4 Ne8 10. a4 h6 11. a5 f5 12. Nd2 Nf6 13. c5 g5 14. Ba3 f4 15. b5 Ng6 16. b6 axb6 17. axb6 cxb6 18. cxd6 Bd7 19. Bb5 Rc8 20. Bb4 Bxb5 21. Nxb5 f3 22. Qxf3 Nh4 23. Qh3 Nxe4 24. d7 Rc2 25. Bxf8 Rxd2 26. Qe6+ Kxf8 27. Nc7 Nf6 28. Ra8 Qxa8 29. Nxa8 Rxd5 30. Nxb6 Rd4 31. Rc1 Bh8 32. Rc8+ Kg7 33. d8=Q 1-0

[Event "Ottawa March op"]
[Site "Ottawa CAN"]
[Date "2026.03.01"]
[Round "4.5"]
[White "Rousskikh, Maxim"]
[Black "Guillemette, Hugo"]
[Result "0-1"]
[WhiteElo "2204"]
[BlackElo "2325"]
[WhiteFideId "-1"]
[BlackFideId "-1"]
[PlyCount "54"]
[GameId "2283952154505597"]
[EventDate "2026.02.27"]
[EventType "swiss"]
[EventRounds "5"]
[EventCountry "CAN"]

1. d4 Nf6 2. Bg5 c5 3. d5 Ne4 4. Bf4 e6 5. f3 Bd6 6. Bxd6 Nxd6 7. e4 b5 8. a4 b4 9. c4 O-O 10. Nd2 exd5 11. cxd5 Re8 12. Qc2 Na6 13. O-O-O b3 14. Qxb3 Rb8 15. Qa3 Rb4 16. Ne2 Qa5 17. Nc3 c4 18. Kc2 Nc5 19. Ra1 Ba6 20. Be2 Reb8 21. Rhb1 Rb3 22. Qa2 Nd3 23. Bxd3 cxd3+ 24. Kd1 Qc5 25. Nxb3 Qg1+ 26. Kd2 Qf2+ 27. Kd1 Nc4 0-1

[Event "Ottawa March op"]
[Site "Ottawa CAN"]
[Date "2026.03.01"]
[Round "4.4"]
[White "Jaferian, Koosha"]
[Black "Qi, Jason"]
[Result "1-0"]
[WhiteElo "2415"]
[BlackElo "2037"]
[WhiteFideId "-1"]
[BlackFideId "-1"]
[PlyCount "82"]
[GameId "2283952154505598"]
[EventDate "2026.02.27"]
[EventType "swiss"]
[EventRounds "5"]
[EventCountry "CAN"]

1. e4 c5 2. Nf3 e6 3. d4 cxd4 4. Nxd4 Nc6 5. Nc3 Qc7 6. Be3 a6 7. g4 b5 8. Nxc6 Qxc6 9. Qd2 Bb4 10. Bd3 Ne7 11. Bd4 f6 12. a3 Bc5 13. Ne2 Bb7 14. O-O-O e5 15. Bxc5 Qxc5 16. g5 O-O-O 17. f4 d5 18. gxf6 gxf6 19. Qc3 Qxc3 20. Nxc3 d4 21. Ne2 f5 22. exf5 e4 23. Bxb5 axb5 24. Nxd4 Rxd4 25. Rxd4 Nxf5 26. Rb4 e3 27. Re1 Bc6 28. c4 Rd8 29. cxb5 Bf3 30. Rb3 Re8 31. Rc3+ Kb7 32. Rc5 Nh4 33. Re5 Rxe5 34. fxe5 Ng2 35. Rg1 Nf4 36. Kc2 Be4+ 37. Kd1 e2+ 38. Kd2 Bd3 39. Ke3 e1=Q+ 40. Rxe1 Ng2+ 41. Kxd3 Nxe1+ 1-0

[Event "Ottawa March op"]
[Site "Ottawa CAN"]
[Date "2026.03.01"]
[Round "4.6"]
[White "Latreille, Etienne"]
[Black "Moses, Neil"]
[Result "0-1"]
[WhiteElo "2060"]
[BlackElo "2309"]
[WhiteFideId "-1"]
[BlackFideId "-1"]
[PlyCount "104"]
[GameId "2283952154505599"]
[EventDate "2026.02.27"]
[EventType "swiss"]
[EventRounds "5"]
[EventCountry "CAN"]

1. e4 c5 2. Nf3 e6 3. g3 Nc6 4. Bg2 Nf6 5. Qe2 e5 6. O-O Be7 7. c3 O-O 8. d4 d6 9. d5 Nb8 10. h3 b5 11. a4 bxa4 12. Nfd2 Nbd7 13. Rxa4 Re8 14. f4 exf4 15. gxf4 Bf8 16. Qf2 g6 17. Re1 Nb6 18. Ra3 Bg7 19. Qf1 Nh5 20. c4 f5 21. Rf3 Qh4 22. e5 dxe5 23. Qf2 Qxf2+ 24. Rxf2 e4 25. Nf3 Ba6 26. b3 exf3 27. Rxe8+ Rxe8 28. Rxf3 Re1+ 29. Rf1 Bd4+ 30. Kh2 Rxf1 31. Bxf1 Nxd5 32. Nd2 Ne3 33. Be2 Nxf4 34. Bf3 Nd3 35. Ba3 Nc2 36. Nb1 Kg7 37. Be2 Nxa3 38. Nxa3 Nf4 39. Bf3 Kf6 40. Bc6 g5 41. Nc2 Ke5 42. Ne1 g4 43. hxg4 fxg4 44. Bd7 h5 45. Kg3 Bb7 46. Nc2 Bf3 47. b4 Ng6 48. bxc5 Bxc5 49. Ne1 h4+ 50. Kh2 Be2 51. Bc8 Bf2 52. Ng2 h3 0-1